000 00684nam a2200241Ia 4500
003 OSt
005 20220927105059.0
006 a|||||r|||| 00| 0
007 ta
008 220926b |||||||| |||| 00| 0 eng d
024 _a159335
037 _cReference Collections
040 _aRTL
_cRTL
_beng
041 _2eng
_aeng
082 _a"X71m281,N52.N77, L7.1"
110 _aDELHI ADMINISTRATION
_9370045
245 0 _aBudget
_b Revised estimates
260 _aDelhi
_bGovernment of Delhi
_c1976
300 _a274p
_ccm.
700 _aDELHI ADMINISTRATION
_9370046
942 _h"X71m281,N52.N77, L7.1"
_cCC
999 _c690575
_d690575